2nd Stage Pokemon Starters - Statistics

General Stats
  • This quiz has been taken 8 times
  • The average score is 22 of 28
Answer Stats
Region Type Pokemon % Correct
Johto Grass Bayleef
100%
Kanto Fire Charmeleon
100%
Kanto Grass/Poison Ivysaur
100%
Johto, Hisui Fire Quilava
100%
Kanto Water Wartortle
100%
Hoenn Fire/Fighting Combusken
88%
Johto Water Croconaw
88%
Hoenn Grass Grovyle
88%
Unova Fire/Fighting Pignite
88%
Kalos Grass Quilladin
88%
Kalos Fire Braixen
75%
Paldea Fire Crocalor
75%
Galar Water Drizzile
75%
Paldea Grass Floragato
75%
Kalos Water Frogadier
75%
Sinnoh Grass Grotle
75%
Hoenn Water/Ground Marshtomp
75%
Sinnoh Fire/Fighting Monferno
75%
Paldea Water Quaxwell
75%
Galar Fire Raboot
75%
Alola Fire Torracat
75%
Alola Water Brionne
63%
Alola, Hisui Grass/Flying Dartrix
63%
Unova, Hisui Water Dewott
63%
Sinnoh Water Prinplup
63%
Unova Grass Servine
63%
Galar Grass Thwackey
50%
Another world Poison/Dragon Naganedel
38%
No matching quizzes found
Score Distribution
Percent of People with Each Score
Percentile by Number Answered
Your Score History
You have not taken this quiz